[Event "57.SMM Klausen/Rk-CSK Merania"]
[Site "?"]
[Date "2026.02.21"]
[Round "8.1"]
[White "De Santis, Alessio"]
[Black "Schacher, Gerd"]
[Result "1/2-1/2"]
[WhiteElo "2134"]
[BlackElo "2255"]
[PlyCount "60"]
[EventDate "2025.11.08"]

{[%evp 0,60,19,-31,35,15,16,-35,-23,-36,-30,-29,-25,-28,-5,-54,-26,-29,-10,-22,19,3,-1,-14,-14,-13,-11,-18,-11,-7,-14,-10,0,7,13,8,33,25,23,13,68,45,59,49,61,45,67,28,56,60,40,10,132,29,144,125,113,85,92,-14,-8,-24,-11]} 1. b3 g6 2. Bb2 Nf6 3. Bxf6 exf6 4. c4 d5 5. cxd5 Qxd5 6. Nc3 Qd8 7. g3 Bd6 8. Bg2 c6 9. Nf3 f5 10. e3 Nd7 11. Qc2 Qe7 12. d4 Nf6 13. O-O O-O 14. Nd2 Be6 15. Nc4 Rfd8 16. Nxd6 Rxd6 17. Rfe1 Bd5 18. Nxd5 Nxd5 19. a3 b5 20. h4 Qd8 21. b4 a6 22. Rac1 a5 23. Rb1 axb4 24. Bxd5 Rxd5 25. Rxb4 Rd7 26. Reb1 Raa7 27. a4 f4 28. exf4 Rxd4 29. f5 Rxb4 30. Rxb4 Qd6 1/2-1/2

[Event "57.SMM Klausen/Rk-CSK Merania"]
[Site "?"]
[Date "2026.02.21"]
[Round "8.2"]
[White "Seebacher, Michael"]
[Black "Bonagura, Stefano"]
[Result "1/2-1/2"]
[WhiteElo "2110"]
[BlackElo "2160"]
[PlyCount "107"]
[EventDate "2025.11.08"]

1. e4 g6 2. d4 Bg7 3. Nc3 c6 4. Nf3 d5 5. h3 dxe4 6. Nxe4 Nf6 7. Nxf6+ exf6 8. Bc4 O-O 9. O-O a5 10. a4 Na6 11. Bf4 Nb4 12. Qd2 Nd5 13. Bg3 Be6 14. Bb3 Qd7 15. Rad1 Rfd8 16. Rfe1 Bf8 17. Re2 b5 18. c4 bxc4 19. Bxc4 Bd6 20. Bxd6 Qxd6 21. Bxd5 Bxd5 22. Re3 Qb4 23. Qxb4 axb4 24. b3 f5 25. g3 f6 26. Ne1 Re8 27. Rb1 Kf7 28. Rb2 Re4 29. Nc2 Rb8 30. Kf1 h5 31. Ke2 g5 32. h4 Rg4 33. hxg5 fxg5 34. Re5 Re4+ 35. Rxe4 Bxe4 36. Ne3 f4 37. f3 Bd5 38. gxf4 gxf4 39. Ng2 Rg8 40. Nxf4 Rg3 41. Rb1 Bxf3+ 42. Kf2 h4 43. Re1 Bg4 44. Re3 Rxe3 45. Kxe3 Ke7 46. Nd3 Bd1 47. Nc5 Kd6 48. Kf2 Bg4 49. a5 Bc8 50. Kg2 Kd5 51. a6 Bxa6 52. Nxa6 Kxd4 53. Nxb4 Kc3 54. Nxc6 1/2-1/2

[Event "57.SMM Klausen/Rk-CSK Merania"]
[Site "?"]
[Date "2026.02.21"]
[Round "8.3"]
[White "Zuev, Mikhail"]
[Black "Seebacher, Reinhard"]
[Result "1-0"]
[WhiteElo "1917"]
[BlackElo "1927"]
[PlyCount "63"]
[EventDate "2025.11.08"]

1. d4 Nf6 2. c4 e5 3. dxe5 Ng4 4. Nf3 Nc6 5. e3 Bb4+ 6. Bd2 Bxd2+ 7. Qxd2 Ngxe5 8. Nc3 O-O 9. Be2 d6 10. h3 a5 11. Nd4 Re8 12. O-O Ng6 13. f4 Nxd4 14. exd4 Ne7 15. Rae1 c6 16. Bf3 Bd7 17. Ne4 Bf5 18. Nc3 Be6 19. d5 cxd5 20. cxd5 Bd7 21. a4 Qb6+ 22. Kh2 Ng6 23. g3 Qb4 24. h4 Bxa4 25. h5 Nf8 26. h6 gxh6 27. f5 f6 28. Bh5 Re5 29. Rf4 Qb3 30. Rg4+ Kh8 31. Qxh6 Qc2+ 32. Kh3 1-0

[Event "57.SMM Klausen/Rk-CSK Merania"]
[Site "?"]
[Date "2026.02.21"]
[Round "8.4"]
[White "Schrott, Karl"]
[Black "Wieser, Christoph"]
[Result "1/2-1/2"]
[WhiteElo "1945"]
[BlackElo "1882"]
[PlyCount "128"]
[EventDate "2025.11.08"]

{[%evp 0,128,40,30,23,-5,18,41,32,15,13,36,33,22,33,6,24,6,28,20,16,28,156,13,63,15,15,-18,24,16,39,2,39,0,-19,-18,-18,-18,-12,-13,-14,-12,-12,18,47,41,73,-27,-29,-49,-28,-52,-47,-52,-54,-50,-49,-96,-120,-121,-105,-105,-98,-138,-138,-117,-96,-91,-103,-96,-96,-86,-83,-118,-109,-103,-50,-46,-41,-128,-137,-190,-190,-211,62,62,70,58,60,60,58,57,57,68,68,68,68,68,68,68,68,81,60,67,81,60,60,51,28,-7,-20,-15,0,0,0,0,0,0,0,0,0,0,0,0,0,0,0,0,0,0,0]} 1. d4 Nf6 2. c4 e5 3. dxe5 Ng4 4. Nf3 Bc5 5. e3 Nc6 6. a3 a5 7. Be2 O-O 8. Nc3 Re8 9. O-O Ncxe5 10. Nd4 d6 11. h3 Nh6 12. Nd5 Nf5 13. b3 Bxd4 14. exd4 Nc6 15. Bb2 Nfxd4 16. Bxd4 Nxd4 17. Qxd4 Rxe2 18. Rfe1 Re6 19. Nf4 Rxe1+ 20. Rxe1 Bd7 21. Re3 Qg5 22. Nd5 Bc6 23. Rg3 Qe5 24. Qxe5 dxe5 25. Nxc7 Rd8 26. Rc3 Rd1+ 27. Kh2 Rd2 28. Nd5 Rxf2 29. b4 Kf8 30. b5 Bd7 31. Kg3 Rd2 32. Nb6 Bf5 33. Kf3 Ke7 34. c5 Rd3+ 35. Rxd3 Bxd3 36. a4 Ke6 37. Ke3 Bc2 38. Kd2 Bb3 39. Ke3 f5 40. g3 g5 41. Na8 Bxa4 42. c6 f4+ 43. gxf4 gxf4+ 44. Kf2 b6 45. c7 Kd7 46. c8=Q+ Kxc8 47. Nxb6+ Kc7 48. Nxa4 e4 49. Ke2 Kd6 50. h4 h5 51. Kd2 Kd5 52. Ke2 Kd6 53. b6 Kc6 54. b7 Kxb7 55. Nc5+ Kc6 56. Nxe4 a4 57. Kf3 a3 58. Nc3 Kc5 59. Kxf4 Kc4 60. Na2 Kb3 61. Nc1+ Kb2 62. Nd3+ Kc2 63. Ke3 Kc3 64. Nc1 Kc2 1/2-1/2

[Event "57.SMM Klausen/Rk-CSK Merania"]
[Site "?"]
[Date "2026.02.21"]
[Round "8.5"]
[White "Wieser, Josef"]
[Black "Senn, Stefan"]
[Result "1/2-1/2"]
[WhiteElo "1882"]
[BlackElo "1650"]
[PlyCount "105"]
[EventDate "2025.11.08"]

{[%evp 0,105,40,23,69,80,57,30,18,35,62,-12,28,-64,41,11,6,10,10,-81,-42,-48,13,33,33,45,45,-17,18,6,13,0,46,61,155,95,93,97,105,113,98,91,97,116,143,143,158,136,149,36,132,143,207,-47,3,-28,84,95,69,98,94,101,101,98,186,196,287,290,291,249,239,236,248,237,224,230,266,240,298,305,295,270,262,211,182,183,178,182,200,209,212,110,140,130,138,124,155,124,125,106,124,109,112,112,113,109,109,109]} 1. e4 c6 2. d4 d5 3. f3 e6 4. Nc3 Nf6 5. Bg5 Be7 6. Bd3 O-O 7. e5 Nfd7 8. Bxe7 Qxe7 9. Nh3 Qh4+ 10. Nf2 g6 11. Ne2 c5 12. c3 Nc6 13. g3 Qe7 14. a3 cxd4 15. cxd4 Nb6 16. Ng4 Bd7 17. Qd2 f5 18. exf6 Rxf6 19. Nxf6+ Qxf6 20. Qf4 Qe7 21. O-O Rf8 22. Qe3 Na5 23. Nf4 Qf6 24. Kg2 Nac4 25. Qf2 Qg5 26. Rfe1 Rxf4 27. b3 Nd6 28. Qe3 Rf5 29. Qxg5 Rxg5 30. g4 Nf5 31. h3 h5 32. f4 Rxg4+ 33. hxg4 Nxd4 34. Rab1 Kg7 35. gxh5 gxh5 36. Re5 Be8 37. b4 Nd7 38. Ree1 Nf6 39. Rbc1 Bc6 40. a4 a6 41. Kg3 Ne4+ 42. Bxe4 dxe4 43. Rxc6 Nxc6 44. Rxe4 Kf6 45. b5 axb5 46. axb5 Ne7 47. Rc4 Nf5+ 48. Kf3 b6 49. Re4 Ke7 50. Re5 Kf6 51. Ke4 Nd6+ 52. Kf3 Nf5 53. Ke4 1/2-1/2

[Event "57.SMM Klausen/Rk-CSK Merania"]
[Site "?"]
[Date "2026.02.21"]
[Round "8.6"]
[White "Schrott, Johann"]
[Black "Battiston, Claudio"]
[Result "1/2-1/2"]
[WhiteElo "1888"]
[BlackElo "1878"]
[PlyCount "84"]
[EventDate "2025.11.08"]

{[%evp 0,84,23,25,44,56,63,70,61,61,59,70,65,79,79,90,82,56,69,58,46,26,64,49,56,40,36,12,39,-23,39,-4,-6,-50,-26,-31,-34,-37,-20,-42,-36,-55,-19,-72,-74,-82,-46,-44,-40,-78,-81,-103,-36,-31,-14,-56,0,-4,-29,-34,0,-15,0,-62,-40,-47,-59,-68,-35,-29,-29,-30,-23,-31,-45,-33,-38,-27,-35,-30,-39,-41,-30,0,12,-9,-10]} 1. e4 d5 2. exd5 Qxd5 3. Nc3 Qd6 4. d4 Nf6 5. Bc4 e6 6. Nge2 a6 7. Bf4 Qd8 8. O-O b5 9. Bd3 Bb7 10. f3 Be7 11. Ne4 Nbd7 12. a4 b4 13. a5 O-O 14. Bd2 Nd5 15. Qe1 c5 16. dxc5 Nxc5 17. Nxc5 Bxc5+ 18. Kh1 Qf6 19. Rb1 Rfd8 20. Ng3 Qh4 21. Qc1 h6 22. Ne4 Bf8 23. Be1 Qe7 24. Bf2 Rac8 25. Bg3 Rc6 26. Qe1 Qd7 27. Qe2 f5 28. Nd2 Bd6 29. f4 Bc7 30. Nb3 Nf6 31. h3 Qd5 32. Ra1 Ne4 33. Be1 Nc5 34. Bc4 Qe4 35. Nxc5 Qxe2 36. Bxe2 Rxc5 37. c3 Rxa5 38. Rxa5 Bxa5 39. cxb4 Bb6 40. Bc3 Kf7 41. Ra1 Re8 42. Rd1 Rd8 1/2-1/2

[Event "57.SMM B Kaltern/Tramin-ASD Arci BZ 3"]
[Site "Kaltern"]
[Date "2026.02.21"]
[Round "8.1"]
[White "Keim, Simon"]
[Black "Unterkofler, Alex"]
[Result "1-0"]
[WhiteElo "1868"]
[BlackElo "1869"]
[PlyCount "75"]
[EventDate "2026.??.??"]

{[%evp 0,75,22,12,46,41,43,19,9,19,16,14,74,68,68,54,72,35,28,26,38,29,38,41,33,23,42,23,75,11,33,-43,-29,-21,-20,-20,-17,-17,-4,-5,156,27,27,27,60,66,54,47,47,47,73,78,77,66,79,88,87,80,82,85,87,87,82,82,97,97,110,118,112,90,390,390,393,392,406,406,406,363]} 1. e4 c5 2. Nc3 Nc6 3. f4 e6 4. Nf3 d5 5. Bb5 Bd7 6. exd5 exd5 7. Nxd5 a6 8. Be2 Nf6 9. Nxf6+ Qxf6 10. O-O Bd6 11. c3 Bxf4 12. d4 Bxc1 13. Rxc1 cxd4 14. Nxd4 Qh6 15. Nf5 Bxf5 16. Rxf5 O-O 17. Bc4 Qe3+ 18. Kh1 Ne5 19. Bb3 Rad8 20. Qe1 Ng4 21. h3 Qxe1+ 22. Rxe1 Nf6 23. Re7 Rd7 24. Rfe5 Rfd8 25. Bxf7+ Kf8 26. Rxd7 Rxd7 27. Bc4 b5 28. Bb3 Rd2 29. c4 bxc4 30. Bxc4 Rxb2 31. Ra5 Ne4 32. Rxa6 Ng3+ 33. Kh2 Nf5 34. Ra3 Rb7 35. Rf3 g6 36. g4 Rb2+ 37. Kg1 Rb1+ 38. Bf1 1-0

[Event "57.SMM B Kaltern/Tramin-ASD Arci BZ 3"]
[Site "Kaltern"]
[Date "2026.02.21"]
[Round "8.3"]
[White "Rinaldo, Gaetano"]
[Black "Florian, Andreas"]
[Result "0-1"]
[WhiteElo "1749"]
[BlackElo "1726"]
[PlyCount "44"]
[EventDate "2026.??.??"]

1. c4 e6 2. g3 Nf6 3. Bg2 d5 4. Nf3 Be7 5. O-O O-O 6. cxd5 exd5 7. d4 c6 8. h3 Bf5 9. Qb3 Qb6 10. Nc3 Nbd7 11. Be3 Ne4 12. Rac1 Ndf6 13. g4 Bg6 14. Ne5 Rfe8 15. f4 h6 16. f5 Bh7 17. Nxe4 Nxe4 18. Qc2 Bd6 19. Bxe4 Bxe5 20. Qc3 Bf6 21. Bf2 Rxe4 22. e3 h5 0-1

[Event "57.SMM B J.Richter/Lask BZ 2-Naturns"]
[Site "Pfarrhof"]
[Date "2026.02.21"]
[Round "8.1"]
[White "Unterthurner, Hans"]
[Black "Fongarolli, Diego"]
[Result "1/2-1/2"]
[WhiteElo "1945"]
[BlackElo "1935"]
[PlyCount "46"]
[EventDate "2026.02.21"]

{[%evp 0,46,19,38,72,0,6,-19,-30,-18,-20,-23,30,-7,41,41,71,60,60,44,56,49,69,49,84,80,87,34,26,26,39,52,71,24,67,46,81,72,60,12,86,60,58,67,91,67,67,67,86]} 1. e4 c5 2. c3 d5 3. exd5 Qxd5 4. d4 Nf6 5. Nf3 e6 6. Na3 cxd4 7. Nb5 Qd8 8. Nbxd4 Be7 9. Bd3 O-O 10. O-O a6 11. Bg5 Qc7 12. Re1 Nc6 13. Qe2 Bd7 14. Bh4 Rfe8 15. Rad1 Rad8 16. Bg3 Qb6 17. Nxc6 Qxc6 18. Ne5 Qc8 19. Nc4 Qc6 20. Ne5 Qb6 21. Nc4 Qc6 22. Ne5 Qb6 23. Nc4 Qc6 1/2-1/2

[Event "57.SMM B J.Richter/Lask BZ 2-Naturns"]
[Site "Pfarrhof"]
[Date "2026.02.21"]
[Round "8.2"]
[White "Buglisi, Massimo"]
[Black "Gurschler, Gregor"]
[Result "1-0"]
[WhiteElo "1954"]
[BlackElo "1827"]
[PlyCount "42"]
[EventDate "2026.02.21"]

{[%evp 0,42,34,28,40,31,23,13,16,18,83,80,69,45,45,69,154,155,155,133,142,120,133,153,212,214,238,211,212,232,199,186,179,190,402,404,454,477,549,554,546,548,548,548,911]} 1. e4 c5 2. d4 cxd4 3. c3 dxc3 4. Nxc3 e5 5. Bc4 Nf6 6. Qb3 Qe7 7. Bg5 Qb4 8. Bxf7+ Kd8 9. O-O-O Qxb3 10. Bxb3 Be7 11. Nf3 Ng4 12. Bxe7+ Kxe7 13. Nd5+ Kd8 14. h3 Nxf2 15. Nxe5 Rf8 16. Rhf1 Nc6 17. Ng4 Nd3+ 18. Kd2 Rxf1 19. Rxf1 d6 20. Rf8+ Kd7 21. Kxd3 Ne7 1-0

[Event "57.SMM B Taufers-CSK Merania 2"]
[Site "Sand in Taufers"]
[Date "2026.02.21"]
[Round "8.3"]
[White "Götsch, Thomas"]
[Black "Haidacher, Gerold"]
[Result "0-1"]
[WhiteElo "1699"]
[BlackElo "1861"]
[PlyCount "82"]
[EventDate "21.??.??"]

{[%evp 0,82,17,13,18,20,56,79,79,69,37,9,18,17,39,38,49,0,52,56,80,77,212,70,53,-98,-132,-138,-69,-121,-105,-134,-134,-331,-152,-158,-166,-166,-105,-164,-150,-136,-153,-159,-159,-184,-171,-157,-164,-208,-190,-176,-173,-161,-148,-178,-157,-157,-157,-157,-16,-73,-240,-268,-295,-371,-373,-406,-368,-406,-331,-424,-335,-318,-266,-615,-633,-634,-606,-641,-709,-29993,-29994,-29999,-30000]} 1. d4 Nf6 2. Nc3 g6 3. e4 d6 4. f4 Bg7 5. h3 O-O 6. Nf3 c5 7. dxc5 Qa5 8. Bd3 dxc5 9. Bd2 Qb6 10. e5 Nh5 11. Nd5 Qd8 12. Ne3 Nxf4 13. Be4 Qc7 14. O-O Nc6 15. Bxc6 Qxc6 16. Nf5 Bxf5 17. Bxf4 Rfd8 18. Qe2 Rd5 19. c4 Rd7 20. Rfd1 Rad8 21. b3 h6 22. h4 Bg4 23. Rxd7 Qxd7 24. Qe3 b6 25. Re1 Kh7 26. Nd2 Qd3 27. Nf1 Qc2 28. Qf2 Qc3 29. Bd2 Qd3 30. Qxf7 Be2 31. Qxe7 Bxf1 32. Rxf1 Qxd2 33. Rf7 Rg8 34. e6 Qxa2 35. Qd7 Qa1+ 36. Kh2 Qd4 37. Qc7 Qxh4+ 38. Kg1 Qe1+ 39. Kh2 Kh8 40. Qd7 Be5+ 41. Kh3 Qg3# {mate} 0-1

[Event "57.SMM B Taufers-CSK Merania 2"]
[Site "Taufers"]
[Date "2026.02.21"]
[Round "8.5"]
[White "Somvi, Julian"]
[Black "Weger, Florian"]
[Result "0-1"]
[WhiteElo "1712"]
[BlackElo "1555"]
[PlyCount "120"]
[EventDate "21.??.??"]

{[%evp 0,120,17,-4,43,-2,37,-19,-12,-12,-26,-50,-27,-97,-12,-29,-18,-33,40,19,38,38,63,60,62,62,55,54,65,57,76,25,79,40,71,-208,32,-111,-123,-141,-78,-89,-69,31,61,52,27,40,1,6,86,81,42,92,124,128,128,100,136,146,196,106,162,105,86,112,146,95,138,89,134,185,185,-252,-49,-48,-46,-40,-40,-32,0,-399,-4,-75,-90,-393,-384,-404,-398,-399,-415,-479,-336,-530,-372,-374,-336,-369,-381,-384,-387,-398,-402,-396,-416,-396,-410,-413,-413,-414,-412,-392,-553,-833,-627,-896,-904,-914,-939,-949,-959,-971,-1008]} 1. e4 e6 2. e5 d5 3. exd6 Bxd6 4. d4 Nf6 5. Bg5 O-O 6. Bd3 c5 7. dxc5 Bxc5 8. Nf3 Qa5+ 9. c3 Ng4 10. Bh4 Qb6 11. Qc2 f5 12. h3 Nf6 13. O-O Bd7 14. b4 Bd6 15. Qb3 Kh8 16. Re1 Nc6 17. Ng5 Nd8 18. c4 Bxb4 19. Nc3 Bc5 20. Qc2 Nf7 21. Nxe6 Bxe6 22. Na4 Bxf2+ 23. Bxf2 Qc6 24. Nc5 Bd7 25. Nxd7 Nxd7 26. Bxf5 Nf6 27. Re6 Qc7 28. Rae1 Nd6 29. Bd3 b6 30. Bg3 Qc5+ 31. Kh2 Nf7 32. Bh4 Nh5 33. Be7 Qc7+ 34. Kg1 Rfe8 35. Bxh7 Nf4 36. Rf6 Rxe7 37. Rxe7 Nxh3+ 38. gxh3 Qxe7 39. Rf2 Re8 40. Qg6 Qg5+ 41. Kh2 Qe5+ 42. Kh1 Ng5 43. Qh5 Qe1+ 44. Kg2 Nxh7 45. Qd5 Qe4+ 46. Rf3 Qxd5 47. cxd5 Rd8 48. Rd3 Rd6 49. Ra3 a5 50. Rc3 Nf6 51. Rc6 Rxd5 52. Rxb6 Rd2+ 53. Kf3 Rxa2 54. Ra6 a4 55. Kf4 a3 56. Kf5 Kh7 57. Ke6 Ra1 58. Kf7 a2 59. Ra5 Ng8 60. h4 Rf1+ 0-1

[Event "57.SMM B Gröden 2-Team Sparkasse"]
[Site "?"]
[Date "2026.02.21"]
[Round "8.2"]
[White "Casadio, Lorenzo"]
[Black "Saxl, Alexander"]
[Result "1-0"]
[WhiteElo "1878"]
[BlackElo "1550"]
[PlyCount "59"]
[EventDate "8.??.??"]
[SourceVersionDate "2026.02.22"]

1. e4 e5 2. Nf3 Nc6 3. Bc4 Bc5 4. O-O Nf6 5. d3 h6 6. c3 O-O 7. h3 d6 8. Nbd2 d5 9. exd5 Nxd5 10. Ne4 Bb6 11. Qc2 Nf4 12. Nxe5 Nxe5 13. Bxf4 Ng6 14. Be3 c6 15. Bxb6 Qxb6 16. d4 Kh8 17. Nd6 Nf4 18. Nxf7+ Rxf7 19. Bxf7 Qc7 20. Bc4 Nxh3+ 21. gxh3 Bxh3 22. Rfe1 Qf4 23. Qg6 Rf8 24. Qg3 Bd7 25. Qxf4 Rxf4 26. Re7 Rg4+ 27. Kh2 Bf5 28. Rf7 Bg6 29. Rf8+ Kh7 30. Bg8+ 1-0

[Event "57.SMM B Gröden 2-Team Sparkasse"]
[Site "?"]
[Date "2026.02.21"]
[Round "8.3"]
[White "Palmarin, Corrado"]
[Black "Alam, Syed Mahbubul"]
[Result "0-1"]
[WhiteElo "1743"]
[BlackElo "1947"]
[PlyCount "120"]
[EventDate "8.??.??"]
[SourceVersionDate "2026.02.22"]

{[%evp 0,120,19,29,72,49,73,85,76,63,49,34,40,24,30,24,21,-10,-3,-30,6,-14,-8,-15,-7,-6,3,-7,1,9,44,26,57,57,77,33,47,-4,-44,-33,-37,-78,-87,-53,-76,-117,-133,-165,-155,-200,-58,-101,-102,-84,-55,-55,-51,-43,-52,-51,-61,-62,-81,-90,-91,-91,-77,-91,-86,-91,-100,-101,-101,-103,-97,-106,-100,-120,-81,-140,-122,-131,-142,-155,-151,-155,-157,-155,-161,-156,-164,-254,-270,-356,-348,-330,-354,-480,-384,-448,-468,-501,-501,-700,-796,-29985,-29986,-29987,-29988,-29989,-237,-245,-227,-604,-748,-1011,-783,-370,-195,-183,-183,-29973,-29974]} 1. e4 c5 2. Nc3 d6 3. Nf3 Nf6 4. h3 Nc6 5. Bb5 Bd7 6. O-O g6 7. d3 Bg7 8. Ne2 O-O 9. c3 Qc7 10. Bg5 a6 11. Ba4 h6 12. Be3 b5 13. Bc2 b4 14. Qd2 Kh7 15. d4 cxd4 16. cxd4 Qb7 17. Rab1 Na5 18. b3 Nxe4 19. Bxe4 Qxe4 20. Qxb4 Nc6 21. Qd2 Bxh3 22. gxh3 Qxf3 23. Kh2 e5 24. d5 Nd4 25. Nxd4 exd4 26. Bxd4 Qxd5 27. Rbd1 Bxd4 28. Qxd4 Qe5+ 29. Qxe5 dxe5 30. Rd7 Kg7 31. Rfd1 Rac8 32. R1d2 Rc6 33. Kg2 Re8 34. Ra7 Ree6 35. Rdd7 Rf6 36. Rd2 g5 37. Ra8 Kg6 38. Rg8+ Kf5 39. Re8 Rfe6 40. Red8 Kf4 41. R8d3 e4 42. Rd5 f5 43. b4 h5 44. a4 Rc4 45. Rb2 Rb6 46. b5 Rxa4 47. Rc5 g4 48. h4 Ra3 49. Rc6 Rxb5 50. Rxb5 axb5 51. Rh6 Ra2 52. Kg1 Kf3 53. Rxh5 Ra1+ 54. Kh2 Kxf2 55. Rxf5+ Ke3 56. Rxb5 Kf4 57. h5 Ra2+ 58. Kg1 Ra6 59. Kg2 g3 60. Kh3 Ra2 0-1